000 00643nmm a2200193Ia 4500
008 251105s9999||||xx |||||||||||||||||und||
020 _a9788491343639
041 _aspa
100 _aThomassen, Lasse
245 0 _aLa construcción del relato político :
_b Crear historias para ganar votos
264 _a[Madrid, España] :
_bPublicaciones de la Universidad de Valencia (PUV),
_c2019
300 _a464 páginas
490 _aAldea global
650 _aPolitical Science (General)
700 _aThomassen, Lasse
700 1 _a Ruiz Collantes, Francesc Xavier
856 _uhttps://public.digitaliapublishing.com/a/62626
942 _cCF
999 _c71928
_d71928